logo

Bir Sreshtho Munshi Abdur Rouf Library
Jhenaidah Cadet College

Political ideas and movements in India / (Record no. 9246)

MARC details
000 -LEADER
fixed length control field 00806cam a2200277 i 4500
001 - CONTROL NUMBER
JCCL Control Number 9246
003 - CONTROL NUMBER IDENTIFIER
JCCL marc code BD-JhCC
005 - DATE AND TIME OF LATEST TRANSACTION
control field 20180312111635.0
008 - FIXED-LENGTH DATA ELEMENTS--GENERAL INFORMATION
fixed length control field 760723s1975 ii b 001 0 eng
020 ## - INTERNATIONAL STANDARD BOOK NUMBER
Terms of availability Rs50.00
035 ## - SYSTEM CONTROL NUMBER
system control number (BD-JhCC)9246
040 ## - CATALOGING SOURCE
Original cataloging agency DLC
Transcribing agency DLC
Modifying agency DLC
-- BD-JhCC
041 ## - LANGUAGE CODE
Language code of Book eng
050 00 - LIBRARY OF CONGRESS CALL NUMBER
Classification number DS480.45
Item number .G43
082 00 - DEWEY DECIMAL CLASSIFICATION NUMBER
Classification number 320.9/54/035
Author mark and Year GHO 1975
100 1# - MAIN ENTRY--PERSONAL NAME
Personal name Ghose, Sankar,
Dates associated with a name 1921-2009.
245 10 - TITLE STATEMENT
Title Political ideas and movements in India /
Statement of responsibility, etc Sankar Ghose.
260 ## - PUBLICATION, DISTRIBUTION, ETC. (IMPRINT)
Place of publication, distribution, etc Bombay :
Name of publisher, distributor, etc Allied Publishers,
Date of publication, distribution, etc 1975.
300 ## - PHYSICAL DESCRIPTION
Pagination xvi, 558 p. ;
Dimensions 22 cm.
500 ## - GENERAL NOTE
General note Includes index.
504 ## - BIBLIOGRAPHY, ETC. NOTE
Bibliography, etc Bibliography: p. [535]-547.
651 #0 - SUBJECT ADDED ENTRY--GEOGRAPHIC NAME
Geographic name India
General subdivision Politics and government
Chronological subdivision 20th century.
651 #0 - SUBJECT ADDED ENTRY--GEOGRAPHIC NAME
Geographic name India
General subdivision Politics and government
Chronological subdivision 19th century.
942 ## - ADDED ENTRY ELEMENTS (KOHA)
Source of classification or shelving scheme Dewey Decimal Classification
Koha item type Books
Holdings
Source of classification or shelving scheme Damaged status Not for loan Home library Current library Shelving location Total Checkouts Full call number Barcode Date last seen Copy number Koha item type
Dewey Decimal Classification     JCC Rouf Library JCC Rouf Library General Stacks   320.9/54/035 GHO 1975 12268 03/12/2018 C - 1 Books

JCC Library | Contacts | JCC Home

Last Update on 23 September 2017
Copyright @ 2017-2020 JCC Rouf Library
Rouf Library, Jhenidah Cadet College (JCC), Bangladesh